01271nam a2200313Ia 4500001001200000003000800012006001900020007001500039008004100054010001700095020004300112020003800155040002100193035002100214050002500235100002200260245010800282260004200390300001500432490004900447504005100496533015200547650002300699650002000722655002900742710001700771830004300788856012600831ebr10308295CaPaEBRm u cr cn|||||||||081106s2009 mau sb 001 0 eng d z 2008047762 z9780631236191 (hardcover : alk. paper) z9780631236207 (pbk. : alk. paper) aCaPaEBRcCaPaEBR a(OCoLC)64781060214aBV2100b.R554 2009eb1 aRobert, Dana Lee.10aChristian missionh[electronic resource] :bhow Christianity became a world religion /cDana L. Robert. aMalden, MA :bWiley-Blackwell,c2009. axi, 214 p.1 aBlackwell brief histories of religion series aIncludes bibliographical references and index. aElectronic reproduction.bPalo Alto, Calif. :cebrary,d2011.nAvailable via World Wide Web.nAccess may be limited to ebrary affiliated libraries. 0aMissionsxHistory. 0aChurch history. 7aElectronic books.2local2 aebrary, Inc. 0aBlackwell brief histories of religion.40uhttp://site.ebrary.com/lib/rucke/Doc?id=10308295zAn electronic book accessible through the World Wide Web; click to view